| Tag |
First Indicator |
Second Indicator |
Subfields |
| LEADER |
00000cam a22000008a 4500 |
| 001 |
in00000884413 |
| 005 |
20151019160857.0 |
| 008 |
890816s1989 nyua b s01100 eng |
| 010 |
|
|
|a 89039490
|
| 020 |
|
|
|a 0814734650 :
|c $45.00
|
| 035 |
|
|
|a (OCoLC)20318768
|
| 035 |
|
|
|9 AEK9182AM
|
| 040 |
|
|
|a DLC
|c DLC
|d TXA
|d UtOrBLW
|
| 049 |
|
|
|a TXAM
|c [A12705215]
|
| 050 |
0 |
0 |
|a HF1379
|b .I55 1989
|
| 082 |
0 |
|
|a 382/.09/03
|2 20
|
| 245 |
0 |
0 |
|a Interactions in the world economy :
|b perspectives from international economic history /
|c edited by Carl-Ludwig Holtfrerich.
|
| 263 |
|
|
|a 8912
|
| 264 |
|
1 |
|a New York, N.Y. :
|b New York University Press,
|c 1989.
|
| 300 |
|
|
|a xvi, 376 pages :
|b illustrations
|
| 336 |
|
|
|a text
|b txt
|2 rdacontent
|
| 337 |
|
|
|a unmediated
|b n
|2 rdamedia
|
| 338 |
|
|
|a volume
|b nc
|2 rdacarrier
|
| 504 |
|
|
|a Includes bibliographical references and index.
|
| 500 |
|
|
|a Festcshrift in honour of Wolfram Fischer, results of a symposium at Berlin on 6-7 May 1988 organised by Hartmut Kaelble, Heinrich Volkmann, and Carl-Ludwig Holtfrerich on the occasion of his sixtieth birthday.
|
| 600 |
1 |
0 |
|a Fischer, Wolfram.
|
| 650 |
|
0 |
|a International trade.
|
| 650 |
|
0 |
|a Economic development.
|
| 650 |
|
0 |
|a Economic history.
|
| 700 |
1 |
|
|a Holtfrerich, Carl-Ludwig.
|
| 700 |
1 |
|
|a Fischer, Wolfram.
|
| 999 |
|
|
|a MARS
|
| 999 |
f |
f |
|s ad97921e-9eb0-344e-b45e-a60de3d1b1e6
|i 9e746df3-d436-3239-a624-b1b60cbbc2c6
|t 0
|
| 952 |
f |
f |
|p ric
|a Texas A&M University
|b Rellis Campus
|c Joint Library Facility
|d Remote Storage
|t 0
|e HF1379 .I55 1989
|h Library of Congress classification
|i unmediated -- volume
|m A14812705215
|
| 998 |
f |
f |
|a HF1379 .I55 1989
|t 0
|l Remote Storage
|